000 00286 a2200145 4500
001 177161
020 _a
040 _cMagnum
240 1 0 _aOs três porquinhos
_lpor
245 1 0 _aOs três porquinhos
300 _a8
440 1 _aFTD
697 _aLITERATURA INFANTO
942 _cBK
999 _c177161
_d177161